Missing Word: PBS Kids Shows Quiz Stats

 Plays Quiz Updated Jul 9, 2019

Score 0/20 Timer 04:00
2 Plays Today
TV Show Missing Word % Correct
Sesame _____Street
99.7%
Clifford the Big _____ DogRed
98%
The _____ in the Hat Knows a Lot About That!Cat
96.4%
_____ the BuilderBob
95.8%
Bill Nye the _____ GuyScience
94.5%
_____ GeorgeCurious
93.2%
The Magic _____ BusSchool
90.6%
_____ Rogers' NeighborhoodMister
89.3%
Where in the World is _____ Sandiego?Carmen
86.5%
Barney & _____Friends
86.4%
TV Show Missing Word % Correct
_____ RainbowReading
75.4%
The Electric _____Company
67%
The Big _____ CouchComfy
44.8%
Dragon _____Tales
42.1%
_____ Jet Go!Ready
34.2%
_____ KrattsWild
30.2%
Dinosaur _____Train
24.7%
_____ the LionsBetween
23.6%
Martha _____Speaks
20.9%
Odd _____Squad
16.9%

Today's Daily Dose

Missing Word
Movies BA - BZ

Get the Picture
TV Black Cats

You're not logged in!

Compare scores with friends on all Sporcle quizzes.
OR
Log In

Show Comments

Extras

Top Quizzes Today


Score Distribution

Your Account Isn't Verified!

In order to create a playlist on Sporcle, you need to verify the email address you used during registration. Go to your Sporcle Settings to finish the process.

Report this User

Report this user for behavior that violates our Community Guidelines.

Details: